00465nam a2200145Ia 4500003000900000008004100009020002600050020002700076040001600103100002300119245006000142260003200202300002000234856006500254IN-BaIIA211028s9999 xx s 000 0 eng d a9780819458292 (Print) a9780819478702 (Online) cIIA Library aWong, Alfred K. K. 0aOptical Imaging in Projection Microlithographyh[eBook] aWashington, USAbSPIEc2005 aOnline resource uhttps://doi.org/10.1117/3.612961yClick Here to Access eBook